En su propia casa / (Record no. 89270)

MARC details
000 -LEADER
campo de control de longitud fija 00649nam a2200205 i 4500
001 - NÚMERO DE CONTROL
campo de control 89270
003 - IDENTIFICADOR DE NÚMERO DE CONTROL
campo de control ES-MaACL
005 - FECHA Y HORA DE LA ÚLTIMA TRANSACCIÓN
campo de control 20230906180131.0
007 - CAMPO FIJO DE DESCRIPCIÓN FÍSICA--INFORMACIÓN GENERAL
campo de control de longitud fija t|
008 - DATOS DE LONGITUD FIJA--INFORMACIÓN GENERAL
campo de control de longitud fija 050105q1945 sp |||| | spa d
100 1# - ENTRADA PRINCIPAL--NOMBRE DE PERSONA
Nombre de persona De la Roche, Mazo.
9 (RLIN) 43058
245 10 - MENCIÓN DEL TÍTULO
Título En su propia casa /
Mención de responsabilidad, etc. por Mazo De la Roche ; [versión castellana, Juan Antonio Antequera].
260 ## - PUBLICACIÓN, DISTRIBUCIÓN, ETC.
Lugar de publicación, distribución, etc. Madrid :
Nombre del editor, distribuidor, etc. La Nave,
Fecha de publicación, distribución, etc. [1945?] (
Fabricante Selecciones Gráficas)
300 ## - DESCRIPCIÓN FÍSICA
Extensión 390 p. ;
Dimensiones 16 cm.
490 1# - MENCIÓN DE SERIE
Mención de serie La Nave. Serie B ;
Designación de volumen o secuencia 116
700 1# - ENTRADA AGREGADA--NOMBRE PERSONAL
Nombre de persona Antequera, Juan Antonio.
9 (RLIN) 21876
830 0# - PUNTO DE ACCESO ADICIONAL DE SERIE-TÍTULO UNIFORME
Título uniforme La Nave. Serie B ;
Designación de volumen o secuencia 116
9 (RLIN) 181778
852 ## - LOCALIZACIÓN
Ubicación ES-MaACL
Número de control de estantería D-6706
Holdings
Estatus retirado Estado de pérdida Estado de daño No para préstamo Biblioteca de origen Biblioteca actual Ubicación en estantería Fecha de adquisición Fuente de adquisición Total de préstamos Signatura topográfica completa Código de barras Visto por última vez Precio de reemplazo Tipo de ítem Koha
        Biblioteca del Ateneo de Madrid Biblioteca del Ateneo de Madrid Sala Valle Inclán 17/01/2008     D-6706 901093232 23/02/2023 23/02/2023 Libro impreso